Statistiques concernant Filmographie de Gérard Jugnot

Cliquez ici pour prendre le quiz!

Statistiques générales

  • Ce quiz a été pris 18 fois
  • Le résultat moyen est 15 sur 108

Statistiques - réponses

Réponse% Correct
Les Bronzés
100%
Les bronzés font du ski
100%
Les Choristes
87%
Le père Noël est une ordure
80%
Les Bronzés 3
67%
Papy fait de la résistance
67%
Monsieur Batignole
60%
Pinot simple flic
60%
Scout toujours...
40%
Une époque formidable...
40%
Babysitting
33%
Casque bleu
33%
Meilleur Espoir féminin
27%
Faubourg 36
20%
Les Rois du gag
20%
Que la fête commence
20%
Tandem
20%
Alibi.com 2
13%
Camping 3
13%
Fallait pas !...
13%
Fantôme avec chauffeur
13%
Grosse Fatigue
13%
L'An 01
13%
Le Juge et l'Assassin
13%
Les Brigades du Tigre
13%
Nuit d'ivresse
13%
Pour cent briques, t'as plus rien...
13%
Rose et Noir
13%
Vous n'aurez pas l'Alsace et la Lorraine
13%
Boudu
7%
Calmos
7%
C’est beau la vie quand on y pense
7%
C'est pas parce qu'on a rien à dire qu'il faut fermer sa gueule
7%
Comme par magie
7%
Des enfants gâtés
7%
Dracula père et fils
7%
Ducobu 3
7%
Ducobu passe au vert !
7%
Ducobu Président !
7%
Entre amis
7%
Envoyés très spéciaux
7%
La Coccinelle à Monte-Carlo
7%
La Fiancée qui venait du froid
7%
L'Ami du jardin
7%
La Nouvelle Guerre des boutons
7%
La Septième Compagnie au clair de lune
7%
L’Auberge rouge
7%
Le Beauf
7%
Le Chasseur de chez Maxim's
7%
Le Coup de parapluie
7%
Le Coup de sirocco
7%
Le Garde du corps
7%
Le Jouet
7%
Le Locataire
7%
Le Petit Piaf
7%
Le Quart d'heure américain
7%
Le Raid
7%
Les 1001 nuits
7%
Les Charlots contre Dracula
7%
Les cigognes n'en font qu'à leur tête
7%
Les Clés du paradis
7%
Les Faussaires
7%
Les Héros n'ont pas froid aux oreilles
7%
Les Petits Câlins
7%
Les Secrets professionnels du docteur Apfelglück
7%
Les Suspects
7%
Les Valseuses
7%
L’Extraordinaire Voyage du fakir
7%
L’Île aux trésors
7%
Marthe
7%
Mes héros
7%
Monsieur Klein
7%
On aura tout vu
7%
Oublie-moi, Mandoline
7%
Oui, mais...
7%
Pas de problème !
7%
Pauline et l'ordinateur
7%
Pourquoi pas nous ?
7%
Pourris gâtés
7%
Retour en force
7%
Salut l'artiste
7%
Sans peur et sans reproche
7%
Si vous n'aimez pas ça, n'en dégoûtez pas les autres
7%
Tant qu'il y aura des femmes
7%
Trafic d'influence
7%
Tranches de vie
7%
Treize femmes pour Casanova
7%
Trois Petites Filles
7%
Une fille à aimer
7%
Un jour mon père viendra
7%
Vous ne l'emporterez pas au paradis
7%
Voyage à Rome
7%
Adieu Paris
0%
Astérix et Obélix : Au service de sa Majesté
0%
Benoît Brisefer : Les Taxis rouges
0%
Beur sur la ville
0%
Ça se soigne ?
0%
Il ne faut jurer de rien !
0%
Jumeaux mais pas trop
0%
La Sicilienne
0%
Le Petit Nicolas
0%
Les Clefs de bagnole
0%
Musée haut, musée bas
0%
Nicky Larson et le parfum de Cupidon
0%
On a marché sur Bangkok
0%
Quand on crie au loup
0%
Un printemps à Paris
0%
Un si joli visage
0%

Distribution des résultats

Percentile par nombre de réponses

% des personnes avec chaque résultat

Votre développement - résultats

Vous n’avez pas pris ce quiz